000 00522nam a22002057a 4500
003 OSt
005 20140310182905.0
008 130128t xxu||||| |||| 00| 0 eng d
020 _a9715901034
050 _aBV4531.2
_b.Eh33 1996
082 _aFIL 649.65
_bEh1 1996
245 _aDating, sex, me & God
_cEhart,Tom
260 _aManila :
_bDaughters of Saint Paul,
_c1996
300 _a110 p.
_c21 cm.
521 _acollege students
526 _c1210L-1700L
562 _e1
942 _2lcc
_cBK
_kFIL
999 _c17146
_d17146